القائم والمنصور الفاطميين امام ثورة الخوارج

Bibliographic Details
Main Author: تامر, عارف (Author)
Format: Book
Published: Bayrut : Dar al-Afaq al-Jadidah , 1982
Subjects:

MARC

LEADER 00000cam a2200000 7i4500
001 0000026708
005 20031117093000.0
008 021119s1982
090 0 0 |a DT173   |b .T35 
100 0 |a تامر, عارف ,   |e author 
245 1 2 |a القائم والمنصور الفاطميين امام ثورة الخوارج   |c عارف تامر 
260 2 |a Bayrut :   |b Dar al-Afaq al-Jadidah ,   |c 1982 
300 |a 140 p. ;   |c 24 cm. 
650 0 |a Fatimites 
650 0 |a Islam   |x Doctrines 
999 |a 1000044631   |b Book   |c OPEN SHELF (30 DAYS)   |e Gong Badak Campus 
999 |a 1000044632   |b Book   |c OPEN SHELF (30 DAYS)   |e Gong Badak Campus